Health psychology: Theory, research and practice (Record no. 394801)

MARC details
000 -LEADER
fixed length control field 00670 a2200253 4500
005 - DATE & TIME
control field 20260116145425.0
008 - FIXED-LENGTH DATA ELEMENTS--GENERAL INFORMATION
fixed length control field 260114b |||||||| |||| 00| 0 eng d
020 ## - ISBN
International Standard Book Number 9781529609905
Price £ 46.99
040 ## - CATALOGING SOURCE
Original cataloging agency VIVEKANANDA LIBRARY
082 ## - DDC NUMBER
Classification number 157.9
Book Number M342H(7)
100 ## - MAIN ENTRY--PERSONAL NAME
Personal name Marks David F
245 ## - TITLE STATEMENT
Title Health psychology: Theory, research and practice
250 ## - EDITION STATEMENT
Edition statement 7th
260 ## - PUBLICATION, DISTRIBUTION, ETC. (IMPRINT)
Name of publisher, distributor, etc Sage Publications
Date of publication, distribution, etc 2024
Place of publication, distribution, etc London
300 ## - PHYSICAL DESCRIPTION
Pages xx, 743
650 ## - Subject
Subject Psychology
650 ## - Subject
Subject Health Psychology
700 ## - Added Entry Personal Name
Added Entry Personal Name Murray, Michael
700 ## - Added Entry Personal Name
Added Entry Personal Name Estacio, Emee Vida
700 ## - Added Entry Personal Name
Added Entry Personal Name Annunziato, Rachel A
700 ## - Added Entry Personal Name
Added Entry Personal Name Locke, Abigail
700 ## - Added Entry Personal Name
Added Entry Personal Name Treharne, Gareth J
942 ## - ADDED ENTRY ELEMENTS (KOHA)
Koha item type Books
Holdings
Withdrawn status Lost status Source of classification or shelving scheme Damaged status Not for loan Location (home branch) Sublocation or collection (holding branch) Shelving location Date acquired Koha issues (times borrowed) Koha full call number Accession No. Koha date last seen Koha item type
    Dewey Decimal Classification     VIVEKANANDA LIBRARY VIVEKANANDA LIBRARY Vivekananda Library 17/12/2025   157.9 M342H(7) 443678 17/12/2025 Books
© Designed and Maintained by Vivekananda Library, MDU Rohtak